Применение генетических алгоритмов в методах оптимизации; Технологии Microsoft в теории и практике программирования

Detaylı Bibliyografya
Parent link:Технологии Microsoft в теории и практике программирования.— 2012.— [С. 205-207]
Yazar: Аньшина А. А.
Müşterek Yazar: Национальный исследовательский Томский политехнический университет (ТПУ) Институт кибернетики (ИК) Кафедра информатики и проектирования систем (ИПС)
Diğer Yazarlar: Рейзлин В. И. Валерий Израилевич
Özet:Заглавие с титульного листа.
A method for solving optimization problems using genetic algorithm. The method is tested and it is recommended for use at designing of the objects having generalized parameters.
Dil:Rusça
Baskı/Yayın Bilgisi: 2012
Seri Bilgileri:Информационно-телекоммуникационные технологии
Konular:
Online Erişim:http://www.lib.tpu.ru/fulltext/c/2012/C28/071.pdf
Materyal Türü: MixedMaterials Elektronik Kitap Bölümü
KOHA link:https://koha.lib.tpu.ru/cgi-bin/koha/opac-detail.pl?biblionumber=611405

MARC

LEADER 00000naa2a2200000 4500
001 611405
005 20231101132645.0
035 |a (RuTPU)RU\TPU\conf\9157 
035 |a RU\TPU\conf\9156 
090 |a 611405 
100 |a 20150310d2012 k y0rusy50 ca 
101 0 |a rus  |d eng 
102 |a RU 
105 |a y z 100zy 
135 |a drgn ---uucaa 
181 0 |a i  
182 0 |a b 
200 1 |a Применение генетических алгоритмов в методах оптимизации  |f А. А. Аньшина, В. И. Рейзлин 
203 |a Текст  |c электронный 
215 |a 1 файл (468 Кб) 
225 1 |a Информационно-телекоммуникационные технологии 
230 |a Электронные текстовые данные (1 файл : 468 Кб) 
300 |a Заглавие с титульного листа. 
320 |a [Библиогр.: с. 207 (4 назв.)] 
330 |a A method for solving optimization problems using genetic algorithm. The method is tested and it is recommended for use at designing of the objects having generalized parameters. 
337 |a Adobe Reader 
463 1 |0 (RuTPU)RU\TPU\conf\61  |t Технологии Microsoft в теории и практике программирования  |o сборник трудов IX Всероссийской научно-практической конференции студентов, аспирантов и молодых ученых, 21-22 марта 2012 г., г.Томск  |f Национальный исследовательский Томский политехнический университет (ТПУ), Институт кибернетики ; отв. ред. А. Р. Вахитов  |v [С. 205-207]  |d 2012 
610 1 |a электронный ресурс 
610 1 |a труды учёных ТПУ 
610 1 |a генетические алгоритмы 
610 1 |a оптимизация 
610 1 |a многопараметрические задачи 
700 1 |a Аньшина  |b А. А. 
701 1 |a Рейзлин  |b В. И.  |c специалист в области автоматического управления  |c доцент Томского политехнического университета, кандидат физико-математических наук  |f 1948-  |g Валерий Израилевич  |2 stltpush  |3 (RuTPU)RU\TPU\pers\25409 
712 0 2 |a Национальный исследовательский Томский политехнический университет (ТПУ)  |b Институт кибернетики (ИК)  |b Кафедра информатики и проектирования систем (ИПС)  |h 124  |2 stltpush  |3 (RuTPU)RU\TPU\col\18697 
801 2 |a RU  |b 63413507  |c 20150310  |g RCR 
856 4 |u http://www.lib.tpu.ru/fulltext/c/2012/C28/071.pdf 
942 |c BK